Introduction au calcul scientifique par la pratique : 12 projets résolus avec Matlab (notice n° 2121566)
[ vue normale ]
| 000 -LEADER | |
|---|---|
| fixed length control field | 01129cam a2200169 4500500 |
| 005 - DATE AND TIME OF LATEST TRANSACTION | |
| control field | 20260405020239.0 |
| 041 ## - LANGUAGE CODE | |
| Language code of text/sound track or separate title | fre |
| 042 ## - AUTHENTICATION CODE | |
| Authentication code | dc |
| 100 10 - MAIN ENTRY--PERSONAL NAME | |
| Personal name | Danaila, Ionut |
| Relator term | author |
| 245 00 - TITLE STATEMENT | |
| Title | Introduction au calcul scientifique par la pratique : 12 projets résolus avec Matlab |
| 260 ## - PUBLICATION, DISTRIBUTION, ETC. | |
| Name of publisher, distributor, etc. | Dunod,<br/> |
| Date of publication, distribution, etc. | 2005.<br/> |
| 520 ## - SUMMARY, ETC. | |
| Summary, etc. | L'ouvrage est consacré à l'étude de quelques problèmes issus de la physique, de la mécanique, de la chimie, du traitement de l'image, etc. À chaque fois, la méthode appliquée est la même : modélisation mathématique du problème, outils et techniques d'analyse numérique nécessaires à la résolution (avec rappels de cours et exercices intermédiaires), algorithmes de calcul, programmation des algorithmes et mise en œuvre dans l'environnement MATLAB. Certains programmes sont téléchargeables directement à partir du site web dunod.com. |
| 700 10 - ADDED ENTRY--PERSONAL NAME | |
| Personal name | Joly, Pascal |
| Relator term | author |
| 700 10 - ADDED ENTRY--PERSONAL NAME | |
| Personal name | Kaber, Sidi Mahmoud |
| Relator term | author |
| 700 10 - ADDED ENTRY--PERSONAL NAME | |
| Personal name | Postel, Marie |
| Relator term | author |
| 856 41 - ELECTRONIC LOCATION AND ACCESS | |
| Uniform Resource Identifier | <a href="https://stm.cairn.info/introduction-au-calcul-scientifique--9782100487097?lang=fr&redirect-ssocas=7080">https://stm.cairn.info/introduction-au-calcul-scientifique--9782100487097?lang=fr&redirect-ssocas=7080</a> |
Pas d'exemplaire disponible.




Réseaux sociaux